Vývoj Indexu spotrebiteľských cien (životných nákladov) za domácnosti spolu v SR v rokoch 2001-2011 bakalárska práca

Na minha lista:
Detalhes bibliográficos
Autor principal: Raab, Igor
Autor Corporativo: Fakulta hospodárskej informatiky EU. Katedra štatistiky
Outros Autores: Horníková, Adriana
Formato: Livro
Idioma:eslovaco
Publicado em: Bratislava 2011
Tags: Adicionar Tag
Sem tags, seja o primeiro a adicionar uma tag!

MARC

LEADER 00000nam a2200000 4500
001 0152036
005 20240320072225.8
041 0 |a slo 
044 |a SK 
245 1 0 |a Vývoj Indexu spotrebiteľských cien (životných nákladov) za domácnosti spolu v SR v rokoch 2001-2011  |b bakalárska práca  |c Igor Raab ; školiteľ: Adriana Horníková 
264 1 |a Bratislava  |c 2011 
300 |a 34 s. 
100 1 |a Raab, Igor 
700 1 |a Horníková, Adriana 
710 2 |a Fakulta hospodárskej informatiky EU. Katedra štatistiky